| Поле | Инд. | ПП | Название | Значение |
|---|---|---|---|---|
| Тип записи | a | |||
| Библиографический уровень | b | |||
| 001 | Контрольный номер | RU/IS/BASE/105016611 | ||
| 005 | Дата корректировки | 20200618185522.2 | ||
| 084 | a | Индекс другой классификации/Индекс ББК | 66.4(2Рос),3 | |
| a | Индекс другой классификации/Индекс ББК | 63.3(2)613-38 | ||
| a | Индекс другой классификации/Индекс ББК | 66.094 | ||
| 100 | 1_ | a | Автор | Пряхин В. Ф. |
| 245 | a | Заглавие | Роль России в урегулировании региональных конфликтов на постсоветском пространстве | |
| 504 | a | Библиография | Библиогр. ссылки. - Примеч. | |
| 650 | a | Основная рубрика | внешняя политика | |
| a | Основная рубрика | история | ||
| a | Основная рубрика | международные отношения | ||
| a | Основная рубрика | политика | ||
| a | Основная рубрика | политология | ||
| a | Основная рубрика | этнополитология | ||
| 653 | a | Ключевые слова | XX век | |
| a | Ключевые слова | Абхазия | ||
| a | Ключевые слова | глобализация | ||
| a | Ключевые слова | глобализация политики | ||
| a | Ключевые слова | Грузия | ||
| a | Ключевые слова | мировое сообщество | ||
| a | Ключевые слова | миротворческая деятельность | ||
| a | Ключевые слова | миротворчество | ||
| a | Ключевые слова | Нагорный Карабах | ||
| a | Ключевые слова | национальная политика (этнополитика) | ||
| a | Ключевые слова | национальные конфликты | ||
| a | Ключевые слова | национальные отношения | ||
| a | Ключевые слова | новый мировой порядок | ||
| a | Ключевые слова | политические конфликты | ||
| a | Ключевые слова | Россия | ||
| a | Ключевые слова | СССР | ||
| a | Ключевые слова | страны СНГ | ||
| a | Ключевые слова | Таджикистан | ||
| a | Ключевые слова | урегулирование конфликтов | ||
| 773 | t | Заглавие источника | Вестник Московского университета. Серия 18, Социология и политология | |
| d | Дата издания источника | 2003 | ||
| g | Прочая информация | № 1. - С. 33 - 41 | ||
| w | Контрольный № источника | RU/IS/BASE/103733045 | ||
| 901 | t | Тип документа | b |